MARC details
| 000 -LÍDER |
| campo de controle de tamanho fixo |
01241nas a2200313 4500 |
| 001 - NÚMERO DE CONTROLE |
| campo de controle |
BR8401519 |
| 003 - IDENTIFICADOR DO NÚMERO DE CONTROLE |
| campo de controle |
BR-BrBNA |
| 005 - DATA E HORÁRIO DA ÚLTIMA TRANSAÇÃO |
| campo de controle |
20231205085838.0 |
| 007 - CAMPO FIXO DE DESCRIÇÃO FÍSICA--INFORMAÇÃO GERAL |
| campo de controle de tamanho fixo |
ta |
| 008 - CAMPO DE DADOS FIXOS--INFORMAÇÃO GERAL |
| campo de controle de tamanho fixo |
230509b bl.|||p| |||| 00| 00por d |
| 040 ## - FONTE DA CATALOGAÇÃO |
| Instituição da catalogação original |
BR-BrBNA |
| Idioma da catalogação |
por |
| Instituição que transcreveu o registro |
Biblioteca Nacional de Agricultura |
| 041 ## - CÓDIGO DE IDIOMA |
| Código do idioma do texto/trilha sonora ou título diferente |
(Pt) |
| 072 ## - CÓDIGO DE CATEGORIA DE ASSUNTO |
| Código de Categoria de Assunto |
H20 |
| 100 1# - ENTRADA PRINCIPAL--NOME PESSOAL |
| Nome pessoal |
Godoy, J.R. |
| 100 1# - ENTRADA PRINCIPAL--NOME PESSOAL |
| Nome pessoal |
Gimenes-Fernandes, N. |
| 100 1# - ENTRADA PRINCIPAL--NOME PESSOAL |
| Nome pessoal |
Kronka, S.N. |
| 245 1# - TÍTULO |
| Título |
Controle das doencas foliares do amendoim: eficiencia de fungicidas e influencia na produtividade [cercosporiose, Cercospora arachidicola, verrugose, Sphaceloma arachidis, mancha barrenta, Ascochyta arachidis, Arachis hypogaea] |
| 246 1# - FORMA VARIANTE DO TÍTULO |
| Título/título abreviado |
Control of peanut foliar diseases: efficacy of fungicides and its influence on yield [cercosporiosis, Cercospora arachidicola, scab, Sphaceloma arachidis, web blotch, Ascochyta arachidis, Arachis hypogaea] |
| 650 ## - ASSUNTO--TERMO TÓPICO |
| Cabeçalho tópico ou nome geográfico |
AMENDOIM |
| 650 ## - ASSUNTO--TERMO TÓPICO |
| Cabeçalho tópico ou nome geográfico |
CERCOSPORIOSE |
| 650 ## - ASSUNTO--TERMO TÓPICO |
| Cabeçalho tópico ou nome geográfico |
VERRUGOSE |
| 650 ## - ASSUNTO--TERMO TÓPICO |
| Cabeçalho tópico ou nome geográfico |
MANCHA BARRENTA |
| 650 ## - ASSUNTO--TERMO TÓPICO |
| Cabeçalho tópico ou nome geográfico |
FUNGICIDA |
| 650 ## - ASSUNTO--TERMO TÓPICO |
| Cabeçalho tópico ou nome geográfico |
FOLHA |
| 650 ## - ASSUNTO--TERMO TÓPICO |
| Cabeçalho tópico ou nome geográfico |
CONTROLE QUIMICO |
| 773 0# - ENTRADA ANALÍTICA |
| Título |
Summa Phytopathologica (Brazil) |
| ISSN - International Standard Serial Number |
ISSN 0100-5405 |
| Partes relacionadas |
(Jul 1983), v. 9(3-4) p. 196-206 |
| Número de controle do registro |
BR8401519 |
| 909 ## - |
| -- |
202311 |
| -- |
Lúcia |
| -- |
55 |
| -- |
Lúcia Elande |
| 942 ## - ELEMENTOS DE ENTRADA ADICIONADOS (KOHA) |
| Fonte da classificação ou esquema de arquivamento na estante |
Classificação AGRIS |
| Ocultar no OPAC |
Não |
| Tipo de material Koha |
Analítica |